The concepts of Sunya / (Record no. 166329)

MARC details
000 -LEADER
fixed length control field 00548nam a22001697a 4500
005 - DATE AND TIME OF LATEST TRANSACTION
control field 20190719165659.0
010 ## - LCCN (DPL NO)
LC control number ENG-126017
020 ## - INTERNATIONAL STANDARD BOOK NUMBER
International Standard Book Number 9788173052408
Terms of availability 1250.00
035 ## - SYSTEM CONTROL NUMBER
System control number EN-109549
037 ## - SOURCE OF ACQUISITION
Source of stock number/acquisition DBAD/PUB
082 ## - DEWEY DECIMAL CLASSIFICATION NUMBER
Classification number 510.1
245 ## - TITLE STATEMENT
Title The concepts of Sunya /
Statement of responsibility, etc ed.by A.K.Bag [and] S.R. Sarma
260 ## - PUBLICATION, DISTRIBUTION, ETC. (IMPRINT)
Place of publication, distribution, etc New Delhi
Name of publisher, distributor, etc Aryan Books International
Date of publication, distribution, etc 2018
270 ## - ADDRESS
Address Pooja Apts. 4B, Ansari Road
City Darya Ganj, New Delhi
Postal code 110002
Electronic mail address aryanbooks@gmail.com
300 ## - PHYSICAL DESCRIPTION
Extent xiii,287p.
Dimensions 24cm(Hb)
942 ## - ADDED ENTRY ELEMENTS (KOHA)
Source of classification or shelving scheme Dewey Decimal Classification
Item type English Books
Classification part 510.1
Call number suffix THE
Holdings
Withdrawn status Lost status Not for loan Collection code Home library Current library Date acquired Source of acquisition Cost, normal purchase price Full call number Barcode Copy number Cost, replacement price Koha item type
      Non-fiction Sarojini Nagar Sarojini Nagar 19/07/2019 DBAD/PUB 1250.00 510.1 THE EN-109549 1 1250.00 English Books

© Delhi Public Library
Hit Counter
free hit counter